LEADER 01112nam a2200253 i 4500 001 000000172740 003 CaOOAMICUS 005 20250604144332.0 008 080624s1958 it u000 u ita u 013 $a150183 040 $aSeMil$bita 100 1 $aCalgari, Guido.$0(OLS)http://semarc/name/15500 245 10$aStoria delle quattro letterature della svizzera /$cGuido Calgari del Politecnico di Zurigo. 260 $aMilano :$bNuova accademia editrice,$cstampa 1958. 300 $a578 p., [1] p. di carta geogr. ;$c22 cm. 490 0 $aStoria delle letterature di tutto il mondo 500 $aContiene : Nota bibliografica. 650 4$aLetteratura svizzera.$0(OLS)http://semarc/subject/30080 830 0$aStoria delle letterature di tutto il mondo.$0(OLS)http://semarc/title/20310 850 $aSeMil 852 $aSeMil$W1$xVenegono$y1$m1R IV 48$j257824$B123594$CSeMilBibl$Z2$F134685 $81 996 $6245$aStoria delle quattro letterature della svizzera$9(OLS)http://semarc/title/247437 996 $6260$aMilano :$bNuova accademia editrice$9(OLS)http://semarc/publisher/31675 LEADER 00965nam a2200217 i 4500 001 000000059010 003 CaOOAMICUS 005 20121127000000.0 008 121127s1936 it u000 u ita u 013 $a30182 040 $aSeMil$bita 100 1 $aD'Avack, Pietro Agostino.$0(OLS)http://semarc/name/12400 245 10$aChiesa, S. Sede e Cittą del Vaticano nel jus publicum ecclesiasticum /$cAvv. Prof. Pietro Agostino D'Avack. 260 $aFirenze :$bPoligrafica universitaria,$c1936. 300 $a326 p. ;$c25 cm. 650 4$aDiritto ecclesiastico.$0(OLS)http://semarc/subject/933 650 4$aSanta Sede.$0(OLS)http://semarc/subject/4519 850 $aSeMil 852 $aSeMil$W1$xVenegono$y1$m2J III 126$j25163$B25163$CSeMilBibl$Z2$F25166 $81 996 $6245$aChiesa, S. Sede e Cittą del Vaticano nel jus publicum ecclesiasticum$9(OLS)http://semarc/title/92109 996 $6260$aFirenze :$bPoligrafica universitaria$9(OLS)http://semarc/publisher/42033